00590nam a2200145 a 450000100100000000500170001000800410002704000250006808200150009324500330010824600340014126001710017530000220034650000760036800003186920200930063238.0110707s2009 dr a 000 0 spa d aDO-SdBNPbspacBNPHU axxxxbD56800a10 insecticidas orgánicos.03aDiez insecticidas orgánicos a[Santo Domingo] :bARAUCARIA XXl, Programa de Cooperción Española para la Concervación de la Biodiversidad y el Desarrollo Sostenible en Iberoamerica,c[2009?]. a[20 p.] ;c12 cm. aFolleto para el uso de los agricultores de la cuenca del Rio Perdenales